Apprentice to power : India, 1904-1908 / (Record no. 22806)

MARC details
000 -LEADER
fixed length control field 00705cam a2200241u 4500
001 - CONTROL NUMBER
control field 9411280
003 - CONTROL NUMBER IDENTIFIER
control field BDDh-ASL
005 - DATE AND TIME OF LATEST TRANSACTION
control field 20231015030147.0
008 - FIXED-LENGTH DATA ELEMENTS--GENERAL INFORMATION
fixed length control field 810317s1966 enk 000 0 eng
010 ## - LIBRARY OF CONGRESS CONTROL NUMBER
LC control number 66071380
040 ## - CATALOGING SOURCE
Original cataloging agency DLC
Transcribing agency CarP
Modifying agency DLC
-- BDDh-ASL
043 ## - GEOGRAPHIC AREA CODE
Geographic area code a-ii---
050 00 - LIBRARY OF CONGRESS CALL NUMBER
Classification number DS480.2
Item number .D28
082 ## - DEWEY DECIMAL CLASSIFICATION NUMBER
Classification number 954
Item number DAA
100 1# - MAIN ENTRY--PERSONAL NAME
Personal name Darling, Malcolm,
Titles and words associated with a name Sir,
Dates associated with a name 1880-1969.
245 10 - TITLE STATEMENT
Title Apprentice to power : India, 1904-1908 /
260 ## - PUBLICATION, DISTRIBUTION, ETC.
Place of publication, distribution, etc. London :
Name of publisher, distributor, etc. Hogarth P.;
Date of publication, distribution, etc. 1966.
300 ## - PHYSICAL DESCRIPTION
Extent 256 p. :
Dimensions 23 cm.
651 #0 - SUBJECT ADDED ENTRY--GEOGRAPHIC NAME
Geographic name India
General subdivision Politics and government
Chronological subdivision 1765-1947.
651 #0 - SUBJECT ADDED ENTRY--GEOGRAPHIC NAME
Geographic name India
General subdivision Description and travel.
906 ## - LOCAL DATA ELEMENT F, LDF (RLIN)
a 0
b cbc
c premunv
d u
e ncip
f 19
g y-gencatlg
942 ## - ADDED ENTRY ELEMENTS (KOHA)
Source of classification or shelving scheme Dewey Decimal Classification
Koha item type Books
Holdings
Withdrawn status Lost status Source of classification or shelving scheme Damaged status Not for loan Collection code Home library Current library Shelving location Date acquired Source of acquisition Total Checkouts Full call number Barcode Date last seen Copy number Price effective from Koha item type Public note
    Dewey Decimal Classification     Non-fiction Asiatic Society Library Asiatic Society Library General Stacks 03/06/2021 Complementary   954 DAA 107121 03/06/2021 C-1 03/06/2021 Books RARE

Powered by Koha